000
00432nam a2200169Ia 4500
008
100204s9999 xx 000 0 und d
082
_b
28828
100
_a
dSQh]'kkSdr
245
_a
कैफी आणि मी
250
_a
0
260
_c
2008
300
_a
148
630
_a
कैफी आणि मी
700
_a
देसाई जयश्री
730
_a
कैफी आणि मी
942
_c
BOOK
999
_c
474004
_d
474001